000 01745cam a2200397 i 4500
001 data
005 20260322212105.0
008 data
035 _a18025694
906 _a7
_bcbc
_corignew
_d1
_eecip
_f20
_gy-gencatlg
925 0 _aacquire
_b1 shelf copy
_xpolicy default
955 _exg06 2014-01-31 to Dewey
_wxl03 2014-01-31
010 _a 2014004374
020 _a9780769866499
020 _a0769866492
040 _aDLC
_beng
_cDLC
_erda
042 _apcc
043 _af-sa---
_an-ca---
_au-at---
_af-sa---
050 0 0 _aK3165
_b.R669 2014
082 0 0 _a342
_223
100 1 _aRoss, Stephen F.,
_d1955-
_eauthor.
245 1 0 _aComparative constitutional law :
_ba contextual approach /
_cStephen Ross, Professor of Law, Lewis H. Vovakis Distinguished Faculty Scholar, Penn State Dickinson School of Law; Helen Irving, Professor of Law, Sydney Law School, The University of Sydney; Heinz Klug, Evjue-Bascom Professor of Law, University of Wisconsin Law School, Senior Honorary Research Associate, Law School, University of the Witwatersrand.
264 1 _aNew Providence, NJ :
_bLexisNexis,
_c[2014]
300 _axv, 804, 6, 6 pages ;
_c27 cm.
336 _atext
_2rdacontent
337 _aunmediated
_2rdamedia
338 _avolume
_2rdacarrier
504 _aIncludes bibliographical references and index.
650 0 _aConstitutional law
650 0 _aConstitutional law
_zUnited States.
650 0 _aConstitutional law
_zCanada.
650 0 _aConstitutional law
_zAustralia.
650 0 _aConstitutional law
_zSouth Africa.
700 1 _aIrving, Helen,
_eauthor.
700 1 _aKlug, Heinz,
_d1957-
_eauthor.
999 _c1549
_d1549